Nintendo Switch Online NES Games - Statistics

General Stats
  • This quiz has been taken 124 times
  • The average score is 26 of 61
Answer Stats
Game % Correct
Super Mario Bros.
98%
Super Mario Bros. 2
92%
Super Mario Bros. 3
92%
Super Mario Bros.: The Lost Levels
92%
The Legend of Zelda
92%
Metroid
76%
Donkey Kong
73%
Donkey Kong 3
73%
Donkey Kong Jr.
73%
Mario Bros.
71%
Kirby’s Adventure
69%
Dr. Mario
63%
Zelda II: The Adventure of Link
63%
Excitebike
58%
Kid Icarus
58%
Punch-Out!! Featuring Mr. Dream
58%
Tennis
58%
VS. Excitebike
58%
Baseball
56%
Tecmo Bowl
54%
Yoshi
53%
Ice Climber
51%
Ice Hockey
51%
Soccer
51%
Wario’s Woods
46%
Clu Clu Land
44%
Double Dragon
42%
Double Dragon II: The Revenge
42%
StarTropics
42%
Balloon Fight
41%
Earthbound Beginnings
39%
Ninja Gaiden
39%
Wrecking Crew
39%
Blaster Master
36%
Volleyball
34%
Ghosts ‘n Goblins
31%
Gradius
31%
Pro Wrestling
27%
River City Ransom
27%
Dig-Dug II
25%
NES Open Tournament Golf
24%
Vice: Project Doom
24%
Adventures of Lolo
22%
Fire ‘n Ice
22%
Journey to Silius
22%
Mighty Bomb Jack
22%
Super Dodge Ball
20%
Kung-Fu Heroes
17%
Rygar
17%
Crystalis
15%
Mappy Land
15%
Nightshade
15%
Solomon’s Key
15%
The Immortal
15%
City Connection
14%
Eliminator Boat Duel
12%
S.C.A.T.: Special Cybernetic Attack Team
10%
Star Soldier
10%
Twinbee
10%
Ninja JaJaMaru-kun
8%
Shadow of the Ninja
8%
No matching quizzes found
Score Distribution
Percent of People with Each Score
Percentile by Number Answered
Your Score History
You have not taken this quiz